| 000 | 00686nam a22002297a 4500 | ||
|---|---|---|---|
| 003 | dpl | ||
| 005 | 20180807122040.0 | ||
| 008 | 180807b xxu||||| |||| 00| 0 eng d | ||
| 010 | _aB-107277 | ||
| 020 |
_a8121208165 _c640.00 |
||
| 035 | _aB-107277 | ||
| 037 | _bBPPD/PUB | ||
| 040 |
_adpl _bEnglish _c0 |
||
| 082 | _a305.4 | ||
| 100 | _aSengupta, Sunita Singh | ||
| 245 |
_aWomen leadership in organizations : _bSocio-cultural determinants / _cby Sunita Singh-Sengupta |
||
| 250 | _a15th ed | ||
| 260 |
_aNew Delhi _bgyan publishing house _c2003 |
||
| 300 |
_a254p. _c22 cm (Hb) |
||
| 650 | _aAccountancy | ||
| 942 |
_adpl _cEN _k305.4 / SIN _2ddc _h305.4 _mSIN |
||
| 999 |
_c155614 _d155614 |
||